<?xml version="1.0" encoding="UTF-8"?><?xml-stylesheet type="text/xsl" href="static/style.xsl"?><OAI-PMH xmlns="http://www.openarchives.org/OAI/2.0/" xmlns:xsi="http://www.w3.org/2001/XMLSchema-instance" xsi:schemaLocation="http://www.openarchives.org/OAI/2.0/ http://www.openarchives.org/OAI/2.0/OAI-PMH.xsd"><responseDate>2026-04-17T13:16:25Z</responseDate><request verb="GetRecord" identifier="oai:www.recercat.cat:20.500.12327/3682" metadataPrefix="marc">https://recercat.cat/oai/request</request><GetRecord><record><header><identifier>oai:recercat.cat:20.500.12327/3682</identifier><datestamp>2026-02-28T23:31:08Z</datestamp><setSpec>com_2072_4428</setSpec><setSpec>com_2072_4427</setSpec><setSpec>col_2072_487898</setSpec></header><metadata><record xmlns="http://www.loc.gov/MARC21/slim" xmlns:dcterms="http://purl.org/dc/terms/" xmlns:xsi="http://www.w3.org/2001/XMLSchema-instance" xmlns:doc="http://www.lyncode.com/xoai" xsi:schemaLocation="http://www.loc.gov/MARC21/slim http://www.loc.gov/standards/marcxml/schema/MARC21slim.xsd">
   <leader>00925njm 22002777a 4500</leader>
   <datafield ind2=" " ind1=" " tag="042">
      <subfield code="a">dc</subfield>
   </datafield>
   <datafield ind2=" " ind1=" " tag="720">
      <subfield code="a">PÉREZ DE VAL, BERNAT</subfield>
      <subfield code="e">author</subfield>
   </datafield>
   <datafield ind2=" " ind1=" " tag="720">
      <subfield code="a">Vidal, Enric</subfield>
      <subfield code="e">author</subfield>
   </datafield>
   <datafield ind2=" " ind1=" " tag="720">
      <subfield code="a">Stuber, Tod</subfield>
      <subfield code="e">author</subfield>
   </datafield>
   <datafield ind2=" " ind1=" " tag="720">
      <subfield code="a">Saez, Jose Luís</subfield>
      <subfield code="e">author</subfield>
   </datafield>
   <datafield ind2=" " ind1=" " tag="720">
      <subfield code="a">Tortola, María Teresa</subfield>
      <subfield code="e">author</subfield>
   </datafield>
   <datafield ind2=" " ind1=" " tag="260">
      <subfield code="c">2025-02-10</subfield>
   </datafield>
   <datafield ind2=" " ind1=" " tag="520">
      <subfield code="a">This genomic epidemiology study analyzed Mycobacterium bovis and M. caprae isolates from animals and humans in Catalonia, Spain, between 2005 and 2023. Of 42 human tuberculosis (TB) cases, five were phylogenetically linked to livestock outbreaks, suggesting zoonotic transmission. The findings specifically indicate goats as a primary source of M. caprae transmission to humans. The study also revealed unexpected genetic diversity of mycobacteria within the same outbreak or even within the same patient, highlighting the complexity of tuberculosis transmission dynamics. The results underscore the value of genomic surveillance in understanding zoonotic TB transmission at the human-livestock interface and its role in informing effective control strategies.</subfield>
   </datafield>
   <datafield ind1="8" ind2=" " tag="024">
      <subfield code="a">De Val, Bernat Pérez, Enric Vidal, Tod Stuber, Jose Luís Sáez, and María Teresa Tórtola. 2025. “Zoonotic Tuberculosis in Catalonia, Spain: Phylogenetic Insights Into Mycobacterium Bovis and M. Caprae Transmission at the Human-livestock Interface.” One Health, February, 100993. https://doi.org/10.1016/j.onehlt.2025.100993.</subfield>
   </datafield>
   <datafield ind1="8" ind2=" " tag="024">
      <subfield code="a">2352-7714</subfield>
   </datafield>
   <datafield ind1="8" ind2=" " tag="024">
      <subfield code="a">http://hdl.handle.net/20.500.12327/3682</subfield>
   </datafield>
   <datafield ind1="8" ind2=" " tag="024">
      <subfield code="a">https://doi.org/10.1016/j.onehlt.2025.100993</subfield>
   </datafield>
   <datafield ind2="0" ind1="0" tag="245">
      <subfield code="a">Zoonotic tuberculosis in Catalonia, Spain: Phylogenetic insights into Mycobacterium bovis and M. caprae transmission at the human-livestock interface</subfield>
   </datafield>
</record></metadata></record></GetRecord></OAI-PMH>